00293nam a2200121Ia 4500008004100000041000800041082001200049100001800061245002700079260003000106300002400136365001100160240624s9999 xx 000 0 und d aeng a823 WOD aWODEHOUSE P G aAUNTS AREN T GENTLEMEN c2008aLondonbArrow Books a184 : p. : cm. ; 19 cRSb20